000
00268 a2200109 4500
001
51046
040
_c
Anchieta - Pituba
240
1
0
_a
Gincana interna Anchieta 2012
_l
245
1
0
_a
Gincana interna Anchieta 2012
650
4
_a
LĂnguas espanhola e portuguesa
942
_c
MX
999
_c
51046
_d
51046